000 00367nam a22001457a 4500
008 250701b |||||||| |||| 00| 0 eng d
020 _a8191699987
050 _aHB 1951
_b.C46
100 _aChopra Girish
245 _aPopulation Geography
260 _bCommon Wealth Publishers Limited
_c2023
300 _a303p.
650 _aPopulation Geography
942 _cBK
999 _c4036
_d4036